000 00599nam a22001695i 4500
001 68543
003 ES-MaACL
007 t|
008 960808s1895 fr ||||1| fre d
040 _aCAM
_bspa
_cCAM
100 1 _aGarofalo, Raffaele.
_955622
245 1 3 _aLa superstition socialiste /
_cpar le baron R. Garofalo...; traduit de l'italien par Auguste Dietrich.
260 _aParis :
_bAncienne librairie Germer Bailliere et Cie. :
_bFélix Alcan,
_c1895 (
_eCoulommiers :
_fPaul Brodard)
300 _aXVI, 299, [2] p. ;
_c23 cm.
700 1 _aDietrich, Paul.
_944624
852 _aES-MaACL
_jB-6549
999 _c68543
_d68543